Optimization of Landing Gear Emergency Extension System

Uložené v:
Podrobná bibliografia
Hlavný autor: Ďuriš, Ivan, 1989- (Autor)
Ďalší autori: Goga, Vladimír (Vedúci práce)
Médium: Rukopis Kniha
Jazyk:English
Vydavateľské údaje: Bratislava : STU v Bratislave FEI, 2013
On-line prístup:VAIS
Tagy: Pridať tag
Žiadne tagy, Buďte prvý, kto otaguje tento záznam!

MARC

LEADER 00000ntm a22000003a 4500
001 stu270354
005 20160526103653.0
008 130709s2013----xo------------------eng-d
040 |a STU  |b slo 
041 0 |a eng 
044 |a xo 
100 1 |a Ďuriš, Ivan,  |d 1989-  |4 aut  |u E  |T FEI Fakulta elektrotechniky a informatiky  |X 51386  |U E  |Y 30  |7 A000051386 
242 0 0 |a Optimierung des Kontrollsystems für das Notfallausfahren des Flugzeugfahrwerks  |y ger 
242 0 0 |a Optimalizácia systému núdzového vysúvania lietadlového podvozku  |y slo 
245 1 |a Optimization of Landing Gear Emergency Extension System 
260 |a Bratislava :  |b STU v Bratislave FEI,  |c 2013 
300 |a 98 s  |c príl. 
700 1 |a Goga, Vladimír  |4 ths  |u E020  |U FEI Fakulta elektrotechniky a informatiky  |T FEI Ústav elektroenergetiky a aplikovanej elektrotechniky  |X 10291  |U E020  |Y 548  |7 A000010291 
856 4 |a info a plný text  |u http://is.stuba.sk/zp/portal_zp.pl?podrobnosti=79056  |3 VAIS 
996 |b 284EP10656  |c E*DIPL-10656  |l EE30  |s P  |a 0  |w stu270354_0001